Представление документа в формате MARC21

Поле Инд. ПП Название Значение
Тип записи a
Библиографический уровень b
001 Контрольный номер RU/IS/BASE/155300140
005 Дата корректировки 20200611154505.3
084 a Индекс другой классификации/Индекс ББК 87.3(4Гем)6; 67.0в; 67.3(4Гем)6; 67.00
100 10 a Автор Чичнева Е. А.
245 10 a Заглавие Философия права в Германии после Второй мировой войны
b Продолж. заглавия (Краткий обзор)
504 00 a Библиография Примеч. - Библиогр. ссылки
600 14 a Персоналии Кауфман Артур
a Персоналии Луман Никлас
a Персоналии Радбрух Густав
a Персоналии Хабермас Юрген
650 04 a Основная рубрика история государства и права
a Основная рубрика история философии
a Основная рубрика право
a Основная рубрика теория права
a Основная рубрика философия
a Основная рубрика философия права
653 00 a Ключевые слова XX век
a Ключевые слова Германия
a Ключевые слова естественного права философия
a Ключевые слова немецкая философия права
773 00 t Заглавие источника Вестник Московского университета. Серия 7, Философия
d Дата издания источника 2000
g Прочая информация № 3. - С. 99 - 116
w Контрольный № источника RU/IS/BASE/149609502
901 t Тип документа b